000 00594nam a2200205Ia 4500
005 20250923144726.0
008 008 250917s9999 xx 000 0 eng d
037 _aTextual
040 _aDSWL
_beng
_cDSWL
041 _aeng
_2eng
084 _aXN51.2544'N5t4, N60
_qDSWL
100 _aSahasrabudhe, A.W.
_9827778
245 0 _aReport on Koraput Grandaus
_cby A.W. Sahasrabudhe
260 _aVardha
_bVardha Sevagram
_c1956
300 _aiv,117p.
365 _aINR
_b4
925 _g4
942 _cTEXL
_hXN51.2544'N5t4, N60
999 _c1442535
_d1442535